[Event "Berlin-ch Seniors op 39th"]
[Site "Berlin"]
[Date "2023.02.01"]
[Round "9"]
[White "Syre, Christian"]
[Black "Cichy, Michael"]
[Result "1-0"]
[WhiteElo "2197"]
[BlackElo "2056"]
[PlyCount "91"]
[EventDate "2023.01.24"]
[EventType "swiss"]
[EventRounds "9"]
[EventCountry "GER"]
[SourceTitle "CBM 212 Extra"]
[Source "ChessBase"]
[SourceDate "2023.03.31"]
[SourceVersion "1"]
[SourceVersionDate "2023.03.31"]
[SourceQuality "1"]

1. Nf3 Nf6 2. c4 e6 3. b3 c5 4. Bb2 b6 5. g3 Bb7 6. Bg2 Be7 7. 0-0 0-0 8. e3 a6 9. Qe2 Re8 10. Nc3 d6 11. Rfd1 Nbd7 12. d3 Rc8 13. Ne1 Bxg2 14. Nxg2 Ra8 15. f4 h6 16. Rf1 d5 17. e4 d4 18. Nb1 Nh7 19. Nd2 Bf8 20. f5 exf5 21. Rxf5 g6 22. Rf2 Ne5 23. Nf4 Ra7 24. Nd5 Bg7 25. Raf1 Qd6 26. Kg2 h5 27. h3 Qe6 28. Bc1 Ng5 29. Rh1 Rb7 30. Nf1 Nh7 31. Nh2 b5 32. Nf3 b4 33. Rhf1 a5 34. Ng5 Nxg5 35. Bxg5 Nd7 36. Bf6 Ra7 37. g4 hxg4 38. hxg4 Nxf6 39. Nxf6+ Bxf6 40. Rxf6 Qe5 41. Qf3 Rf8 42. Rxg6+ Kh7 43. Rf6 Qg5 44. Rf5 Qd2+ 45. Rf2 Qe3 46. Rh5+ 1-0

[Event "Berlin-ch Seniors op 39th"]
[Site "Berlin"]
[Date "2023.01.25"]
[Round "2"]
[White "Syre, Christian"]
[Black "Gruner, Klaus Dieter"]
[Result "1-0"]
[WhiteElo "2197"]
[BlackElo "1886"]
[PlyCount "125"]
[EventDate "2023.01.24"]
[EventType "swiss"]
[EventRounds "9"]
[EventCountry "GER"]
[SourceTitle "CBM 212 Extra"]
[Source "ChessBase"]
[SourceDate "2023.03.31"]
[SourceVersion "1"]
[SourceVersionDate "2023.03.31"]
[SourceQuality "1"]

1. d4 f5 2. Bg5 h6 3. Bh4 g5 4. Bg3 Nf6 5. e3 Bg7 6. h4 g4 7. h5 d6 8. Ne2 Nc6 9. Nf4 e6 10. Bc4 d5 11. Bb5 0-0 12. Ng6 Re8 13. Nd2 Bd7 14. Bxc6 Bxc6 15. f3 Bb5 16. Be5 gxf3 17. Qxf3 Rc8 18. 0-0-0 c5 19. Kb1 cxd4 20. exd4 a5 21. Rc1 a4 22. a3 Bc4 23. Qg3 Kh7 24. Nf4 Ng4 25. Bxg7 Kxg7 26. Rhe1 Qf6 27. Nf3 Kh7 28. Ng6 Bb5 29. Qd6 Rcd8 30. Qb4 Bc6 31. Re2 b5 32. Rce1 Bd7 33. Qc5 Kg7 34. Qc7 Qf7 35. c3 Bc8 36. Qg3 Kh7 37. Ka1 Nf6 38. Nfe5 Qg7 39. Qh3 Ne4 40. Qd3 Ba6 41. Nc6 Ra8 42. Nb4 Qb7 43. Qh3 Qc7 44. Re3 Bb7 45. Nd3 Bc8 46. Nde5 Qg7 47. g4 Ra6 48. Qf1 Rb6 49. Qe2 Ba6 50. Qc2 Bc8 51. Rg1 Qf6 52. gxf5 exf5 53. Nf4 Be6 54. Rg6 Qd8 55. Qg2 Ng5 56. Nf3 Bf7 57. Rxe8 Bxe8 58. Nxg5+ hxg5 59. Rxg5 Rd6 60. Rg7+ Kh6 61. Rg8 Rd7 62. Ne6 Qe7 63. Rh8+ 1-0

[Event "Berlin-ch Seniors op 39th"]
[Site "Berlin"]
[Date "2023.01.24"]
[Round "1"]
[White "Langer, Guenter"]
[Black "Syre, Christian"]
[Result "0-1"]
[WhiteElo "1796"]
[BlackElo "2197"]
[PlyCount "66"]
[EventDate "2023.01.24"]
[EventType "swiss"]
[EventRounds "9"]
[EventCountry "GER"]
[SourceTitle "CBM 212 Extra"]
[Source "ChessBase"]
[SourceDate "2023.03.31"]
[SourceVersion "1"]
[SourceVersionDate "2023.03.31"]
[SourceQuality "1"]

1. c4 g6 2. Nc3 Bg7 3. g3 e5 4. Bg2 Nc6 5. d3 d6 6. e3 Be6 7. Nge2 Qd7 8. Nd5 Nd8 9. Bd2 c6 10. Ndc3 Ne7 11. Rc1 Bh3 12. 0-0 h5 13. Ne4 Bxg2 14. Kxg2 Ne6 15. b4 d5 16. cxd5 Qxd5 17. f3 Qxd3 18. Rc3 Qd7 19. Qc2 Rd8 20. Bc1 h4 21. g4 f5 22. Nc5 Nxc5 23. Rxc5 fxg4 24. f4 0-0 25. e4 Qd3 26. Rf2 Qxc2 27. Rxc2 Rf7 28. Bb2 Rdf8 29. Bc1 Bh6 30. Rc5 exf4 31. Nd4 f3+ 32. Kh1 Rd8 33. Bxh6 Rxd4 0-1

[Event "GER-ch Seniors 65 34th"]
[Site "Magdeburg"]
[Date "2022.08.18"]
[Round "7"]
[White "Syre, Christian"]
[Black "Vasiljev, Jurij"]
[Result "1/2-1/2"]
[WhiteElo "2243"]
[BlackElo "1999"]
[PlyCount "53"]
[EventDate "2022.08.12"]
[EventType "swiss"]
[EventRounds "9"]
[EventCountry "GER"]
[SourceTitle "CBM 209 Extra"]
[Source "ChessBase"]
[SourceDate "2022.09.30"]
[SourceVersion "1"]
[SourceVersionDate "2022.09.30"]
[SourceQuality "1"]

1. c4 c6 2. e4 d5 3. exd5 cxd5 4. d4 Nf6 5. Nc3 e6 6. Nf3 Nc6 7. Bd3 dxc4 8. Bxc4 a6 9. 0-0 b5 10. d5 exd5 11. Bxd5 Nxd5 12. Qxd5 Bb7 13. Re1+ Be7 14. Bg5 f6 15. Bf4 Qxd5 16. Nxd5 Kf7 17. Rac1 Rae8 18. Nxe7 Rxe7 19. Rxe7+ Kxe7 20. Kf1 Rc8 21. Re1+ Kf7 22. Bd6 Rd8 23. Bc5 Rd7 24. Ke2 Rd5 25. Rc1 a5 26. Bb6 Ke6 27. Rd1 1/2-1/2

[Event "EU-ch Seniors 65 21st"]
[Site "Lublin"]
[Date "2022.07.10"]
[Round "6"]
[White "Syre, Christian"]
[Black "Bogdanov, Valentin"]
[Result "0-1"]
[WhiteElo "2243"]
[BlackElo "2333"]
[PlyCount "112"]
[EventDate "2022.07.05"]
[EventType "swiss"]
[EventRounds "9"]
[EventCountry "POL"]
[SourceTitle "CBM 209 Extra"]
[Source "ChessBase"]
[SourceDate "2022.09.30"]
[SourceVersion "1"]
[SourceVersionDate "2022.09.30"]
[SourceQuality "1"]

1. d4 Nf6 2. Bg5 c6 3. Nf3 Ne4 4. Bf4 d5 5. e3 Bg4 6. Be2 e6 7. h3 Bh5 8. Nbd2 Nxd2 9. Qxd2 Bd6 10. 0-0 Bxf4 11. exf4 Bxf3 12. Bxf3 0-0 13. Rfe1 Nd7 14. Re2 Nb6 15. Qd3 Qf6 16. f5 exf5 17. Rae1 Nc4 18. b3 Nd6 19. c4 Ne4 20. cxd5 cxd5 21. Rc2 Rac8 22. Rec1 Rc6 23. Rxc6 bxc6 24. Rc2 g6 25. g3 Re8 26. Bg2 h5 27. Re2 Re6 28. h4 Qe7 29. Bxe4 fxe4 30. Qe3 Kg7 31. Rc2 Rf6 32. f4 Qa3 33. Qc1 Qa6 34. Qf1 Qb6 35. Qf2 Re6 36. Qe3 a5 37. a3 Re8 38. Kf2 Rb8 39. Rc3 Qb7 40. Qd2 Qd7 41. Qd1 Qh3 42. Kg1 Qe6 43. Qc1 c5 44. Qd2 Qf6 45. dxc5 d4 46. Rc4 Rxb3 47. Qxd4 Rxg3+ 48. Kf2 Qxd4+ 49. Rxd4 Rc3 50. Rxe4 Rxc5 51. Re5 Rxe5 52. fxe5 a4 53. Kg3 f6 54. exf6+ Kxf6 55. Kf4 g5+ 56. hxg5+ Kg6 0-1

[Event "Berlin-ch Seniors op 38th"]
[Site "Berlin"]
[Date "2022.01.28"]
[Round "4"]
[White "Stahr, Ralf Peter"]
[Black "Syre, Christian"]
[Result "1/2-1/2"]
[WhiteElo "2098"]
[BlackElo "2235"]
[PlyCount "53"]
[EventDate "2022.01.25"]
[EventType "swiss"]
[EventRounds "9"]
[EventCountry "GER"]
[SourceTitle "EXT 2023"]
[Source "ChessBase"]
[SourceDate "2022.10.05"]
[SourceVersion "1"]
[SourceVersionDate "2022.10.05"]
[SourceQuality "1"]

1. c4 g6 2. d4 Bg7 3. e4 d6 4. Nc3 e5 5. dxe5 dxe5 6. Qxd8+ Kxd8 7. Be3 Be6 8. 0-0-0+ Nd7 9. g3 Bh6 10. Bxh6 Nxh6 11. Bh3 Bxh3 12. Nxh3 c6 13. Rd3 Ke7 14. f3 Nc5 15. Rd2 Rad8 16. Rhd1 Rxd2 17. Rxd2 f6 18. Nf2 Nf7 19. Nd3 Ne6 20. Ne2 Nfg5 21. Ne1 Nh3 22. Nc2 h5 23. b4 h4 24. g4 Nhg5 25. Rd3 Rd8 26. Rxd8 Kxd8 27. Ne1 1/2-1/2

[Event "EU-ch Seniors 65"]
[Site "Budoni"]
[Date "2021.10.04"]
[Round "9"]
[White "Buchal, Stephan"]
[Black "Syre, Christian"]
[Result "1/2-1/2"]
[WhiteElo "2263"]
[BlackElo "2233"]
[PlyCount "41"]
[EventDate "2021.09.26"]
[EventType "swiss"]
[EventRounds "9"]
[EventCountry "ITA"]
[SourceTitle "EXT 2023"]
[Source "ChessBase"]
[SourceDate "2022.10.05"]
[SourceVersion "1"]
[SourceVersionDate "2022.10.05"]
[SourceQuality "1"]

1. c4 g6 2. g3 Bg7 3. Bg2 e5 4. Nc3 Nc6 5. e4 d6 6. Nge2 Be6 7. Nd5 Qd7 8. d3 h5 9. h4 Nd8 10. d4 c6 11. Ne3 exd4 12. Nxd4 Nf6 13. Rb1 0-0 14. Nxe6 Nxe6 15. 0-0 Nc5 16. f3 a5 17. b3 Rfe8 18. Ba3 Qc7 19. Qc2 Qb6 20. Rbe1 Rad8 21. Kh2 1/2-1/2

[Event "EU-ch Seniors 65"]
[Site "Budoni"]
[Date "2021.09.29"]
[Round "4"]
[White "Syre, Christian"]
[Black "Birnboim, Nathan"]
[Result "1/2-1/2"]
[WhiteElo "2233"]
[BlackElo "2375"]
[PlyCount "89"]
[EventDate "2021.09.26"]
[EventType "swiss"]
[EventRounds "9"]
[EventCountry "ITA"]
[SourceTitle "EXT 2023"]
[Source "ChessBase"]
[SourceDate "2022.10.05"]
[SourceVersion "1"]
[SourceVersionDate "2022.10.05"]
[SourceQuality "1"]

1. d4 c5 2. c3 cxd4 3. cxd4 d5 4. Nc3 Nf6 5. Bf4 Nc6 6. e3 a6 7. Bd3 Bg4 8. Nge2 e6 9. Rc1 Bh5 10. 0-0 Bg6 11. Bg5 Bxd3 12. Qxd3 Be7 13. Bxf6 Bxf6 14. f4 0-0 15. Na4 Be7 16. Nc5 Na5 17. b4 Nc4 18. Nxb7 Qb6 19. Na5 Nxa5 20. bxa5 Qxa5 21. Rc2 g6 22. Nc1 Rfb8 23. Nb3 Qa3 24. Rd1 Kf8 25. Qe2 Rc8 26. Rdc1 Rxc2 27. Rxc2 Qb4 28. Qd1 a5 29. Kf2 a4 30. Nc5 Bxc5 31. dxc5 Ke7 32. Qd4 Qxd4 33. exd4 Rb8 34. Ke3 Kd7 35. Kd3 Kc6 36. Kc3 a3 37. Kd3 Rb1 38. Rc3 Rb2 39. Rxa3 Rxg2 40. Ra7 Rxh2 41. Rxf7 Rxa2 42. Rxh7 Ra3+ 43. Kd2 Ra2+ 44. Kd3 Ra3+ 45. Kd2 1/2-1/2

[Event "EU-ch Seniors 65"]
[Site "Budoni"]
[Date "2021.09.27"]
[Round "2"]
[White "Syre, Christian"]
[Black "Serra Olives, Tomas"]
[Result "1-0"]
[WhiteElo "2233"]
[BlackElo "2118"]
[PlyCount "93"]
[EventDate "2021.09.26"]
[EventType "swiss"]
[EventRounds "9"]
[EventCountry "ITA"]
[SourceTitle "EXT 2023"]
[Source "ChessBase"]
[SourceDate "2022.10.05"]
[SourceVersion "1"]
[SourceVersionDate "2022.10.05"]
[SourceQuality "1"]

1. Nf3 Nf6 2. d4 d5 3. Bf4 c6 4. e3 Bf5 5. Bd3 Bxd3 6. Qxd3 Nbd7 7. 0-0 e6 8. c4 Be7 9. cxd5 exd5 10. Nc3 0-0 11. h3 Re8 12. Rab1 Bf8 13. Nd2 b5 14. Rfc1 h6 15. Bh2 Nb6 16. Rc2 Qd7 17. Rbc1 Rac8 18. Nf3 Qb7 19. Bf4 Ne4 20. Ne5 Nc4 21. Nxe4 dxe4 22. Qe2 Nxe5 23. Bxe5 c5 24. Qg4 g6 25. Qf4 Re6 26. dxc5 Qd5 27. Bd4 b4 28. Rc4 a5 29. c6 Rexc6 30. Rxc6 Rxc6 31. Rxc6 Qxc6 32. Qe5 f5 33. Qxa5 Kf7 34. Qa7+ Be7 35. Qb6 Qc1+ 36. Kh2 Qf1 37. Qb7 Ke6 38. Qc8+ Kf7 39. Qd7 Qc4 40. a4 bxa3 41. bxa3 h5 42. a4 h4 43. Be5 Qd3 44. Qc7 Ke6 45. Bf4 g5 46. Qe5+ Kd7 47. Qxf5+ 1-0

[Event "Berlin-ch Seniors op 37th"]
[Site "Berlin"]
[Date "2021.06.10"]
[Round "3"]
[White "Syre, Christian"]
[Black "Pfitzer, Norbert"]
[Result "1-0"]
[WhiteElo "2233"]
[BlackElo "2077"]
[PlyCount "43"]
[EventDate "2021.06.08"]
[EventType "swiss"]
[EventRounds "9"]
[EventCountry "GER"]
[SourceTitle "EXT 2022"]
[Source "ChessBase"]
[SourceDate "2021.10.06"]
[SourceVersion "1"]
[SourceVersionDate "2021.10.06"]
[SourceQuality "1"]

1. d4 Nf6 2. c4 g6 3. Nc3 Bg7 4. e4 d6 5. f3 Nbd7 6. Be3 c6 7. Bd3 b6 8. Nge2 Bb7 9. Qd2 Qc7 10. Bh6 Bxh6 11. Qxh6 e5 12. Rc1 0-0-0 13. Nd5 Nxd5 14. cxd5 c5 15. b4 exd4 16. Nxd4 Ne5 17. Be2 Kb8 18. 0-0 Qe7 19. bxc5 dxc5 20. Nb5 a6 21. Nc3 g5 22. Qxb6 1-0

[Event "GER-ch Net blitz qual4"]
[Site "Playchess.com INT"]
[Date "2021.05.10"]
[Round "5"]
[White "Kuerschner, Liam"]
[Black "Syre, Christian"]
[Result "0-1"]
[WhiteElo "1817"]
[BlackElo "1836"]
[PlyCount "44"]
[EventDate "2021.05.10"]
[EventType "swiss (blitz)"]
[EventRounds "11"]
[EventCountry "GER"]
[SourceTitle "CBM 202 Extra"]
[Source "ChessBase"]
[SourceDate "2021.07.31"]
[SourceVersion "1"]
[SourceVersionDate "2021.07.31"]
[SourceQuality "1"]

1. c4 e5 2. g3 Nc6 3. Bg2 Nf6 4. Nc3 Bb4 5. Nd5 0-0 6. Nxf6+ Qxf6 7. a3 Bc5 8. e3 a5 9. Ne2 Re8 10. 0-0 d6 11. b3 Bg4 12. Bb2 Qf5 13. Re1 Qh5 14. d3 Re6 15. Qd2 Rh6 16. h4 g5 17. hxg5 Qh2+ 18. Kf1 Bh3 19. Nf4 exf4 20. gxh6 Bxg2+ 21. Ke2 Qh5+ 22. f3 Qxf3# 0-1

[Event "GER-ch Net blitz qual4"]
[Site "Playchess.com INT"]
[Date "2021.05.10"]
[Round "10"]
[White "Wendland, Guido"]
[Black "Syre, Christian"]
[Result "0-1"]
[WhiteElo "1918"]
[BlackElo "1836"]
[PlyCount "76"]
[EventDate "2021.05.10"]
[EventType "swiss (blitz)"]
[EventRounds "11"]
[EventCountry "GER"]
[SourceTitle "CBM 202 Extra"]
[Source "ChessBase"]
[SourceDate "2021.07.31"]
[SourceVersion "1"]
[SourceVersionDate "2021.07.31"]
[SourceQuality "1"]

1. e4 d6 2. d4 g6 3. Bd3 Bg7 4. c3 e5 5. Ne2 Nc6 6. 0-0 Nf6 7. Bg5 h6 8. Bxf6 Qxf6 9. d5 Nb8 10. f4 exf4 11. Nxf4 Qg5 12. Nd2 0-0 13. Kh1 Nd7 14. Bc2 Ne5 15. Qe2 Bg4 16. Qf2 h5 17. h3 Bd7 18. Ne2 Qxd2 19. Bb3 Qxb2 20. Qe3 Qa3 21. Nd4 a5 22. Nc2 Qc5 23. Qxc5 dxc5 24. Ne3 a4 25. Bc2 b6 26. Rac1 Bb5 27. Rfd1 Rfd8 28. Bb1 h4 29. c4 Bd7 30. Rf1 Bh6 31. Rfe1 a3 32. Rc2 Ra4 33. Rc3 Rda8 34. d6 Bxe3 35. dxc7 Bd4 36. Rb3 Rb4 37. Bc2 Rxb3 38. Bxb3 Rc8 0-1

[Event "GER-ch Net blitz qual3"]
[Site "Playchess.com INT"]
[Date "2021.05.07"]
[Round "11"]
[White "Syre, Christian"]
[Black "Hoppe, Thilo"]
[Result "0-1"]
[WhiteElo "1777"]
[BlackElo "2041"]
[PlyCount "58"]
[EventDate "2021.05.07"]
[EventType "swiss (blitz)"]
[EventRounds "11"]
[EventCountry "GER"]
[SourceTitle "CBM 202 Extra"]
[Source "ChessBase"]
[SourceDate "2021.07.31"]
[SourceVersion "1"]
[SourceVersionDate "2021.07.31"]
[SourceQuality "1"]

1. d4 Nf6 2. Nf3 e6 3. c4 b6 4. a3 Bb7 5. Nc3 Be7 6. d5 d6 7. e4 e5 8. Bd3 a5 9. Rb1 0-0 10. 0-0 Nbd7 11. b4 axb4 12. axb4 Bc8 13. Nd2 g6 14. Nb3 Nh5 15. g3 Ndf6 16. f3 Bh3 17. Rf2 Nd7 18. Bh6 Re8 19. Be3 Bg5 20. f4 exf4 21. gxf4 Bxf4 22. Bxf4 Nxf4 23. Bf1 Qg5+ 24. Kh1 Ne5 25. Qc2 Qh4 26. Bxh3 Nxh3 27. Rg2 Ng4 28. Rf1 Re5 29. Qe2 Rg5 0-1

[Event "GER-ch Net blitz qual3"]
[Site "Playchess.com INT"]
[Date "2021.05.07"]
[Round "6"]
[White "Syre, Christian"]
[Black "Kolb, Tobias"]
[Result "1-0"]
[WhiteElo "1777"]
[BlackElo "2022"]
[PlyCount "52"]
[EventDate "2021.05.07"]
[EventType "swiss (blitz)"]
[EventRounds "11"]
[EventCountry "GER"]
[SourceTitle "CBM 202 Extra"]
[Source "ChessBase"]
[SourceDate "2021.07.31"]
[SourceVersion "1"]
[SourceVersionDate "2021.07.31"]
[SourceQuality "1"]

1. d4 d5 2. c4 e6 3. Nc3 c6 4. e4 dxe4 5. Nxe4 Bb4+ 6. Nc3 c5 7. Nf3 Nf6 8. a3 Bxc3+ 9. bxc3 Qa5 10. Bd2 Ne4 11. Bd3 Nxd2 12. Qxd2 Nc6 13. d5 Ne7 14. 0-0 Qd8 15. Rfe1 h6 16. Qe3 Qb6 17. Rab1 Qd6 18. Nd2 b6 19. Ne4 Qd8 20. Rbd1 exd5 21. cxd5 0-0 22. Nf6+ gxf6 23. Qxe7 Qxe7 24. Rxe7 Rd8 25. d6 Bd7 26. Bc4 Rf8 1-0

[Event "GER-ch Net blitz qual2"]
[Site "Playchess.com INT"]
[Date "2021.05.04"]
[Round "8"]
[White "Bussemer, Karsten"]
[Black "Syre, Christian"]
[Result "0-1"]
[WhiteElo "1655"]
[BlackElo "1719"]
[PlyCount "118"]
[EventDate "2021.05.04"]
[EventType "swiss (blitz)"]
[EventRounds "11"]
[EventCountry "GER"]
[SourceTitle "CBM 202 Extra"]
[Source "ChessBase"]
[SourceDate "2021.07.31"]
[SourceVersion "1"]
[SourceVersionDate "2021.07.31"]
[SourceQuality "1"]

1. d4 d6 2. Bf4 Nd7 3. Nf3 g6 4. e3 Bg7 5. Bc4 Nb6 6. Bb3 a5 7. a4 Nf6 8. h3 0-0 9. 0-0 Bd7 10. c3 Rc8 11. Nbd2 c5 12. Re1 c4 13. Bc2 Re8 14. Bg3 e5 15. e4 Nh5 16. Bh4 Bf6 17. Bxf6 Qxf6 18. Qe2 Nf4 19. Qe3 g5 20. dxe5 dxe5 21. b3 h5 22. bxc4 g4 23. hxg4 hxg4 24. Nh2 Rc6 25. c5 Nc8 26. Ndf1 Qh8 27. Bd1 Rh6 28. Qg3 Be6 29. Bxg4 Bxg4 30. Qxg4+ Rg6 31. Qf3 Rxg2+ 32. Qxg2+ Nxg2 33. Kxg2 Re6 34. Ng3 Rh6 35. Rh1 Ne7 36. Nf3 Rxh1 37. Rxh1 Qg7 38. Rh5 Ng6 39. Rg5 Qf6 40. Rf5 Qe7 41. Nh5 Kf8 42. Ng5 Nh4+ 43. Kh3 Nxf5 44. Nh7+ Ke8 45. exf5 Qxc5 46. N7f6+ Kd8 47. Ng3 Qxc3 48. Kg2 b5 49. axb5 a4 50. Nge4 Qd4 51. b6 a3 52. b7 Kc7 53. Ne8+ Kxb7 54. N8f6 a2 55. Ng5 a1Q 56. Nfe4 Qd3 57. f3 Qaf1+ 58. Kg3 Qde2 59. Kg4 Qeg2+ 0-1

[Event "GER-ch Net blitz qual2"]
[Site "Playchess.com INT"]
[Date "2021.05.04"]
[Round "1"]
[White "Feuerstack, Aljoscha"]
[Black "Syre, Christian"]
[Result "1-0"]
[WhiteElo "2344"]
[BlackElo "1719"]
[PlyCount "45"]
[EventDate "2021.05.04"]
[EventType "swiss (blitz)"]
[EventRounds "11"]
[EventCountry "GER"]
[SourceTitle "CBM 202 Extra"]
[Source "ChessBase"]
[SourceDate "2021.07.31"]
[SourceVersion "1"]
[SourceVersionDate "2021.07.31"]
[SourceQuality "1"]

1. e4 Nc6 2. Nc3 g6 3. d4 Bg7 4. Be3 e5 5. dxe5 Nxe5 6. f4 Nc6 7. Nf3 d6 8. Bc4 Nf6 9. h3 0-0 10. 0-0 Qe7 11. Bd3 Bf5 12. Re1 Nxe4 13. Bxe4 Bxe4 14. Bd2 d5 15. Nxd5 Qc5+ 16. Ne3 Bxb2 17. Rb1 Bc3 18. Bxc3 Qxc3 19. Rxb7 Rad8 20. Qc1 Nd4 21. Nxd4 Bxb7 22. Nb3 Rfe8 23. Re2 1-0

[Event "GER-ch Net blitz qual2"]
[Site "Playchess.com INT"]
[Date "2021.05.04"]
[Round "3"]
[White "Syre, Christian"]
[Black "Domroese, Michael"]
[Result "0-1"]
[WhiteElo "1719"]
[BlackElo "1593"]
[PlyCount "78"]
[EventDate "2021.05.04"]
[EventType "swiss (blitz)"]
[EventRounds "11"]
[EventCountry "GER"]
[SourceTitle "CBM 202 Extra"]
[Source "ChessBase"]
[SourceDate "2021.07.31"]
[SourceVersion "1"]
[SourceVersionDate "2021.07.31"]
[SourceQuality "1"]

1. d4 d5 2. c4 e5 3. dxe5 d4 4. Nf3 Nc6 5. a3 Be6 6. Nbd2 Nge7 7. g3 Ng6 8. Bg2 Ngxe5 9. Nxe5 Nxe5 10. Bxb7 Rb8 11. Bg2 Be7 12. Qa4+ Qd7 13. Qxd7+ Kxd7 14. b3 d3 15. 0-0 dxe2 16. Re1 Bf6 17. Ra2 Nd3 18. Nf3 Nxe1 19. Nxe1 Rxb3 20. Rd2+ Ke7 21. Rxe2 Rb1 22. Nd3 Rd8 23. Bd5 Kf8 24. Re1 Bxd5 25. cxd5 Rxd5 26. Nf4 Rc5 27. Bd2 Rxe1+ 28. Bxe1 Rc1 29. Nd3 Ra1 30. Kg2 g6 31. Bb4+ Kg7 32. Nf4 c6 33. Nd3 a5 34. Bc5 Rd1 35. Nf4 Rc1 36. Be3 Rc3 37. Ne2 Rxa3 38. Bc5 Ra1 39. Nf4 a4 0-1

[Event "GER-ch Net blitz qual1"]
[Site "Playchess.com INT"]
[Date "2021.04.24"]
[Round "7"]
[White "Leidorf, Sebastian"]
[Black "Syre, Christian"]
[Result "0-1"]
[WhiteElo "1827"]
[BlackElo "1676"]
[PlyCount "48"]
[EventDate "2021.04.24"]
[EventType "swiss (blitz)"]
[EventRounds "11"]
[EventCountry "GER"]
[SourceTitle "CBM 202 Extra"]
[Source "ChessBase"]
[SourceDate "2021.07.31"]
[SourceVersion "1"]
[SourceVersionDate "2021.07.31"]
[SourceQuality "1"]

1. c4 e5 2. g3 Nc6 3. Bg2 Nf6 4. Nf3 Bc5 5. Nxe5 Nxe5 6. d4 Bb4+ 7. Kf1 Ng6 8. c5 c6 9. e4 0-0 10. Bf3 Re8 11. Qc2 d6 12. a3 Ba5 13. b4 Bc7 14. cxd6 Bh3+ 15. Bg2 Bxg2+ 16. Kxg2 Qxd6 17. Re1 Qxd4 18. Bb2 Qd7 19. Nd2 Rad8 20. Rad1 Qg4 21. Bxf6 gxf6 22. Kg1 Qh3 23. Qc3 Nh4 24. gxh4 Qxc3 0-1

[Event "GER-ch Net blitz qual1"]
[Site "Playchess.com INT"]
[Date "2021.04.24"]
[Round "3"]
[White "Syre, Christian"]
[Black "Colbow, Collin"]
[Result "0-1"]
[WhiteElo "1676"]
[BlackElo "2068"]
[PlyCount "82"]
[EventDate "2021.04.24"]
[EventType "swiss (blitz)"]
[EventRounds "11"]
[EventCountry "GER"]
[SourceTitle "CBM 202 Extra"]
[Source "ChessBase"]
[SourceDate "2021.07.31"]
[SourceVersion "1"]
[SourceVersionDate "2021.07.31"]
[SourceQuality "1"]

1. d4 Nf6 2. Nf3 e6 3. Bg5 c5 4. e3 b6 5. Bd3 Bb7 6. Nbd2 cxd4 7. exd4 Be7 8. Qe2 d6 9. 0-0 Nbd7 10. Rfe1 0-0 11. a4 a6 12. c3 Re8 13. h3 Nf8 14. Bf4 Ng6 15. Bh2 Bf8 16. Qd1 Nd5 17. Be4 Qc7 18. Qb3 Ndf4 19. Bxb7 Qxb7 20. Ne4 h6 21. Rad1 Kh7 22. h4 d5 23. Ned2 b5 24. Bxf4 Nxf4 25. Ne5 Bd6 26. Qc2+ Kg8 27. g3 Bxe5 28. Rxe5 Ng6 29. Re2 bxa4 30. Ra1 Reb8 31. Ra2 Qb5 32. Re1 Rb6 33. Qxa4 Qxa4 34. Rxa4 Rxb2 35. Nf3 Rb3 36. h5 Ne7 37. Ne5 Rxc3 38. Rea1 f6 39. Nd7 Rc6 40. Nc5 Nf5 41. g4 Nxd4 0-1

[Event "GER-ch Net blitz qual1"]
[Site "Playchess.com INT"]
[Date "2021.04.24"]
[Round "11"]
[White "Syre, Christian"]
[Black "Eilenberg, Jonas"]
[Result "0-1"]
[WhiteElo "1676"]
[BlackElo "2165"]
[PlyCount "42"]
[EventDate "2021.04.24"]
[EventType "swiss (blitz)"]
[EventRounds "11"]
[EventCountry "GER"]
[SourceTitle "CBM 202 Extra"]
[Source "ChessBase"]
[SourceDate "2021.07.31"]
[SourceVersion "1"]
[SourceVersionDate "2021.07.31"]
[SourceQuality "1"]

1. d4 d5 2. c4 e6 3. Nc3 c6 4. e3 Nf6 5. Nf3 Nbd7 6. Bd3 dxc4 7. Bxc4 b5 8. Be2 Bb7 9. 0-0 a6 10. a4 b4 11. Nb1 c5 12. Nbd2 Be7 13. Nb3 0-0 14. Bd2 a5 15. Rc1 Rc8 16. dxc5 Nxc5 17. Nfd4 Nxb3 18. Nxb3 Rxc1 19. Bxc1 Qc7 20. Nd4 Rd8 21. Nb5 Qc6 0-1